000 00522nam a2200181Ia 4500
008 140626s9999 xx 000 0 und d
100 _aDalgleish, Tim.
245 4 _aThe structure of past and future lives in desperation /
_cTim Dalgleish ... [et al.].
260 _cc2011.
300 _a120 : 1, page 1
440 _aJournal of Abnormal Psychology
521 _aPSYCH
650 _aAutobiographical memory.
650 _aCompartmentalization.
650 _aDepression.
650 _aOvergeneral.
942 _cSE
999 _c121257
_d121257